|
|
|
|
| LEADER |
00000nam0a2200000 4500 |
| 001 |
354768 |
| 005 |
20231102010726.0 |
| 010 |
|
|
|b 6000 экз.
|
| 035 |
|
|
|a (RuTPU)RU\TPU\retro\12027
|
| 090 |
|
|
|a 354768
|
| 100 |
|
|
|a 20200625d1944 k y0rusy50 ca
|
| 101 |
0 |
|
|a rus
|
| 102 |
|
|
|a RU
|
| 105 |
|
|
|a a z 001zy
|
| 200 |
1 |
|
|a Теория классических архитектурных форм
|f И. Б. Михаловский
|g ред. Ив. Леонидов
|
| 205 |
|
|
|a 3-е изд.
|
| 210 |
|
|
|a Москва
|c Издательство Академии архитектуры СССР
|d 1944
|
| 215 |
|
|
|a 270 с.
|c ил.
|
| 300 |
|
|
|a Подписано к печати с матриц 26 апреля 1944 г.
|
| 300 |
|
|
|a Посмертное издание
|
| 320 |
|
|
|a Библиогр.: с. 235-236
|
| 606 |
1 |
|
|a Архитектурные формы
|x Архитектура
|2 stltpush
|3 (RuTPU)RU\TPU\subj\29495
|9 52810
|
| 610 |
1 |
|
|a ордера
|
| 610 |
1 |
|
|a греческая архитектура
|
| 610 |
1 |
|
|a римская архитектура
|
| 610 |
1 |
|
|a эпоха Возрождения
|
| 610 |
1 |
|
|a архитектурные детали
|
| 610 |
1 |
|
|a карнизы
|
| 610 |
1 |
|
|a стены
|
| 610 |
1 |
|
|a окна
|
| 610 |
1 |
|
|a двери
|
| 610 |
1 |
|
|a порталы
|
| 610 |
1 |
|
|a балконы
|
| 610 |
1 |
|
|a профили
|
| 610 |
1 |
|
|a украшения
|
| 610 |
1 |
|
|a коллекция: 1941-1945 гг.
|
| 610 |
1 |
|
|a Великая Отечественная война 1941-1945
|
| 675 |
|
|
|a 72.02
|v 3
|
| 700 |
|
1 |
|a Михаловский
|b И. Б.
|
| 702 |
|
1 |
|a Леонидов
|b Ив.
|4 340
|
| 801 |
|
1 |
|a RU
|b 63413507
|c 20200625
|
| 801 |
|
2 |
|a RU
|b 63413507
|c 20200626
|g RCR
|
| 942 |
|
|
|c BK
|